Crónicas maristas : Sentencias, enseñanzas espirituales /

Obra en cuatro volúmenes escrita por dos de los primeros biógrafos de San Marcelino Champagnat. La historia de los inicios del Instituto de los Hermanos Maristas fue narrada por tres autores cuyas obras constituyen los tres sinópticos fundamentales: La primera son los anales del Instituto, de Henri...

Popoln opis

Shranjeno v:
Bibliografske podrobnosti
Glavni avtor: Furet, Juan Bautista (autor)
Format: Knjiga
Jezik:španščina
Serija:(Crónicas Maristas ; 3)
Teme:
Oznake: Označite
Brez oznak, prvi označite!

MARC

LEADER 00000nam^a2200000^a^4500
001 000390383
005 20250521000000.0
009 20260310121146.408
020 |a 84-263-1656-5 
037 |a Acervo ITESO - Biblioteca 
041 |a ESP 
082 |a 255. 792009  |b CRO V. 3 
100 |a Furet, Juan Bautista  |e (autor) 
240 1 1 |a [Crónicas maristas] 
245 1 0 |a Crónicas maristas :  |b Sentencias, enseñanzas espirituales /  |c J.B. Furet ; notas y tr. por Aníbal Cañón Presa. 
264 |a Zaragoza, España :  |b Luis Vives,  |c 1989 
300 |a 423 p. 
336 |a texto  |b txt  |2 rdacontenido 
337 |a sin mediación  |b n  |2 rdamedio 
338 |a volumen  |b nc  |2 rdasoporte 
440 1 |a (Crónicas Maristas ;  |v 3) 
520 |a Obra en cuatro volúmenes escrita por dos de los primeros biógrafos de San Marcelino Champagnat. La historia de los inicios del Instituto de los Hermanos Maristas fue narrada por tres autores cuyas obras constituyen los tres sinópticos fundamentales: La primera son los anales del Instituto, de Henri Bilon (Hermano Avit), no incluida en estos volúmenes; La segunda son las crónicas maristas, de Juan Bautista Furet, que comprenden la biografía de Marcelino Champagnat y de otros treinta y siete hermanos, así como las sentencias que definen la identidad del hermano marista; una tercera obra es la Vida del Padre Champagnat, de Juan Félix Tamet (Hermano Silvestre). Los tres primeros libros de esta obra contienen los escritos de Juan Bautista Furet, y el último los de Juan Félix Tamet. 
561 |a Ex libris de Biblioteca Quinta Soledad, Centro Champagnat 
649 |a XX 
650 |a Maristas -  |x Historia -  |x Tema Principal 
650 |a Maristas -  |x Tema Principal 
650 |a Iglesia Católica en Francia -  |x Historia 
650 |a Iglesia y Educación -  |z Francia -  |x Historia 
650 |a Monasticismo y Ordenes Religiosas -  |z Francia -  |x Historia 
650 |a Catolicismo -  |x Historia 
650 |a Cristianismo -  |x Historia 
650 |a Religión -  |x Historia 
650 |a Francia -  |x Historia -  |y Siglo XVIII 
650 |a Francia -  |x Historia -  |y Siglo XIX 
650 |a Champagnat, Marcelino 
910 |a Fondo General 
920 |a Impresos - Libros 
930 |a Colección General 
905 |a 101 
901 |a 0500284991  |b IT1  |c ACC  |i D82894  |u 20250521 
902 |a https://opac.biblio.iteso.mx/vufind/Record/000390383